América Latina y el proyecto principal de educación
Guardat en:
| Autor corporatiu: | , |
|---|---|
| Format: | Llibre |
| Idioma: | espanyol |
| Publicat: |
Ciudad de México
CNTE-OREALC
1982
|
| Matèries: | |
| Etiquetes: |
Afegir etiqueta
Sense etiquetes, Sigues el primer a etiquetar aquest registre!
|
MARC
| LEADER | 00000nam a2200000 a 4500 | ||
|---|---|---|---|
| 001 | UCU1100 | ||
| 003 | CL-VaPUC | ||
| 005 | 20231123085449.0 | ||
| 008 | 960329e19820000mx 1 spa d | ||
| 082 | 0 | 4 | |a 374.012 |b CON |2 21 |
| 110 | 2 | |a Consejo Nacional Técnico de la Educación de la SEP |e author |9 617584 | |
| 710 | 2 | |a UNESCO |e author |9 617585 | |
| 245 | 1 | 0 | |a América Latina y el proyecto principal de educación |
| 260 | |a Ciudad de México |b CNTE-OREALC |c 1982 | ||
| 300 | |a 305 p | ||
| 583 | |a last modification |c 19960329 00:00:00 |k Rodrigo Vera | ||
| 650 | 0 | 0 | |a Alfabetización |9 310435 |
| 650 | 0 | 0 | |a Programas de alfabetización |9 335611 |
| 650 | 0 | 7 | |a METODOLOGIA DE LA ALFABETIZACION |2 CL-VaPUC |9 345837 |
| 650 | 0 | 0 | |a Analfabetismo |9 324360 |
| 650 | 0 | 7 | |a PROMOCION DE LA ALFABETIZACION |2 CL-VaPUC |9 341031 |
| 650 | 0 | 0 | |a Educación rural |9 308104 |
| 651 | 0 | |a América Latina |9 255027 | |
| 942 | |c BK | ||
| 945 | |a lriquelm |d 19960329 00:00:00 | ||
| 546 | |a En Español | ||
| 536 | |a OREALC | ||
| 536 | |a Ministerio de Educación y Cultura del Ecuador | ||
| 518 | |p Seminario Regional sobre Estrategias Nacional de Alfabetización, Quito, 19 al 27 de Octubre de 1981 | ||
| 999 | |c 382546 |d 382544 | ||
| 952 | |0 0 |1 0 |4 0 |6 374_012000000000000_CON_1982 |7 0 |8 P |9 504298 |a BIBEDU |b BIBEDU |c BIBEDU_PB |d 2020-01-23 |i 2008645 |o 374.012 CON 1982 |p 2008645 |r 2024-01-25 |w 2020-01-23 |y BK |k EDU | ||